all jacksucksatlife channels - Statistics

General Stats
  • This quiz has been taken 59 times
  • The average score is 7 of 12
Answer Stats
subscribers Answer % Correct
2,189,012 jacksucksatlife
93%
84,248 no context jacksucksatlife
93%
614,146 jacksucksatgeography
89%
673,777 jacksucksatstuff
80%
504,595 jack massey welsh
75%
237,995 jacksucksatclips
61%
1,095,802 dont subscribe
59%
195,039 jacksucksatpopuppirate
57%
303,296 turdboi420
41%
348,788 jacksepicyoutubechannelfulloffuntimesandfunhirickx
39%
52,473 JackSucksAtEspañol
39%
- JACKSEPICYOUTUBECHANNELFULLOFFUNTIMESANDFUNHIRICKXHASNOTHINGONMEIAMTHESUPERIORCHANNELIHAVEMORECHARACTERSTHANALLOFJACKSYOUTUBECHANNELSCOMBINEDHAHAHAHAIHAVEMORECHARACTERSTHANJACKSUCKSATLIFEJACKSUCKSATSTUFFJACKMASS
5%
No matching quizzes found
Score Distribution
Percent of People with Each Score
Percentile by Number Answered
Your Score History
You have not taken this quiz